|
|
|
|
| LEADER |
02461nam a22003733i 4500 |
| 001 |
EBC30401211 |
| 003 |
MiAaPQ |
| 005 |
20240729202205.0 |
| 006 |
m o d | |
| 007 |
cr cnu|||||||| |
| 008 |
240729s2012 xx o ||||0 eng d |
| 020 |
|
|
|a 9789175199849
|q (electronic bk.)
|
| 035 |
|
|
|a (MiAaPQ)EBC30401211
|
| 035 |
|
|
|a (Au-PeEL)EBL30401211
|
| 035 |
|
|
|a (OCoLC)1372396512
|
| 040 |
|
|
|a MiAaPQ
|b eng
|e rda
|e pn
|c MiAaPQ
|d MiAaPQ
|
| 100 |
1 |
|
|a Bagheri, Maryam.
|
| 245 |
1 |
0 |
|a Neuroprotective Effect of Genistein :
|b Studies in Rat Models of Parkinson's and Alzheimer's Disease.
|
| 250 |
|
|
|a 1st ed.
|
| 264 |
|
1 |
|a Linköping :
|b Linkopings Universitet,
|c 2012.
|
| 264 |
|
4 |
|c {copy}2012.
|
| 300 |
|
|
|a 1 online resource (72 pages)
|
| 336 |
|
|
|a text
|b txt
|2 rdacontent
|
| 337 |
|
|
|a computer
|b c
|2 rdamedia
|
| 338 |
|
|
|a online resource
|b cr
|2 rdacarrier
|
| 490 |
1 |
|
|a Linköping University Medical Dissertations Series ;
|v v.1288
|
| 505 |
0 |
|
|a Genistein inhibits aggregation of exogenous amyloid-beta1-40 and alleviates astrogliosis in the hippocampus of rats -- 1. Introduction -- 2. Results -- 2.1. Sham-operated rats -- 2.2. Sham-operated genistein-treated rats -- 2.3. Aβ-injected rats -- 2.4. Aβ-injected genistein-treated rats -- 2.5. Aβ-injected Cremophor-treated rats -- 3. Discussion -- 3.1. Intrahippocampal injection of Aβ1-40 causes neuronal degeneration in the DGlb -- 3.2. Effect of genistein on formation of Aβ aggregates and neurodegeneration -- 3.3. iNOS, nNOS and astrogliosis -- 4. Experimental procedures -- 4.1. Preparation of Aβ1-40 and genistein -- 4.2. Animals -- 4.3. Surgery -- 4.4. Specimen preparation and histochemistry -- 4.5. Immunohistochemistry -- 4.6. Image analysis of GFAP intensity -- 4.7. Statistical analysis -- Conflict of interest -- Acknowledgments -- References.
|
| 588 |
|
|
|a Description based on publisher supplied metadata and other sources.
|
| 590 |
|
|
|a Electronic reproduction. Ann Arbor, Michigan : ProQuest Ebook Central, 2024. Available via World Wide Web. Access may be limited to ProQuest Ebook Central affiliated libraries.
|
| 655 |
|
4 |
|a Electronic books.
|
| 776 |
0 |
8 |
|i Print version:
|a Bagheri, Maryam
|t Neuroprotective Effect of Genistein
|d Linköping : Linkopings Universitet,c2012
|
| 797 |
2 |
|
|a ProQuest (Firm)
|
| 830 |
|
0 |
|a Linköping University Medical Dissertations Series
|
| 856 |
4 |
0 |
|u https://ebookcentral.proquest.com/lib/matrademy/detail.action?docID=30401211
|z Click to View
|